Obálka Náhled e-knihy:
PDF Epub
Pro půjčování e-knih musíte být přihlášeni.
Jak si půjčit online?

Okamžiky /

Závěrečná část románové trilogie, jejíž děj vrcholí a uzavírá se v blízké budoucnosti.

Uloženo v:
Série:Hodinky, část 3
Hlavní autor: Jonešová, Veronika, 1994- (Autor)
Médium: E-kniha
Jazyk:Czech
Vydáno: Dvůr Králové nad Labem : Veronika Jonešová - Hodinky, 2022
Vydání:Vydání první
Témata:
Příbuzné jednotky:Z cyklu:: Hodinky
Tagy:
Žádné tagy
LEADER 02565nam a2200409 i 4500
001 311870
003 CZ PrSKC
005 20260601215713.0
007 ta
008 221114s2022 xr g 000 f cze
015 |a cnb003471858 
020 |a 9788090873728  |q (vázáno) :  |c Kč 399,00 
035 |a (OCoLC)1357138581 
040 |a BOA001  |b cze  |e rda 
072 7 |a 821.162.3-3  |x Česká próza  |2 Konspekt 
080 |a 821.162.3-31  |2 MRF 
080 |a (0:82-311.1)  |2 MRF 
100 1 |a Jonešová, Veronika,  |d 1994-  |7 ola20191051658  |4 aut  |4 pbl 
245 1 0 |a Okamžiky /  |c Veronika Jonešová 
250 |a Vydání první 
264 1 |a Dvůr Králové nad Labem :  |b Veronika Jonešová - Hodinky,  |c 2022 
300 |a 224 stran ;  |c 22 cm 
336 |a text  |b txt  |2 rdacontent 
337 |a bez média  |b n  |2 rdamedia 
338 |a svazek  |b nc  |2 rdacarrier 
520 2 |a Závěrečná část románové trilogie, jejíž děj vrcholí a uzavírá se v blízké budoucnosti.  |b Po smrti Patricie pociťuje Emma, že cesta ze smutku není rovná dlážděná ulička, ale klikatá serpentýna, kde za každou zatáčkou číhají nové obavy. Rozhodne se skončit ve své práci a začne se naplno věnovat tomu, co miluje. Psaní. Je to ale ten správný krok? Při psaní si uvědomí, jak rozdílně lze člověka vnímat, když ho necháme, aby nám vyprávěl část svého života z vlastního pohledu a neaplikujeme na něj svá očekávání a předsudky. Když máme tu čest nahlédnout mu do duše a zjistit, jaké okamžiky ho formovaly, a proč se stal člověkem, jakým se stal. Máme vůbec šanci nestát se kopiemi našich rodičů? Kolik toho už bylo rozhodnuto ještě předtím, než jsme se narodili? Kolik situací můžeme ovlivnit? Nad kolika věcmi v životě máme doopravdy kontrolu? Nakladatelská anotace. 
655 7 |a české romány  |7 fd133974  |2 czenas 
655 7 |a psychologické romány  |7 fd278579  |2 czenas 
655 9 |a Czech fiction  |2 eczenas 
655 9 |a psychological novels  |2 eczenas 
787 0 8 |i Z cyklu:  |t Hodinky  |g 3 
900 |a ABA001  |b 21 
928 9 |a Hodinky 
044 |a xr 
910 |a RBIT002 
998 |d 371057  |a https://core.palmknihy.cz/api/books/371057/cover?rrggbn  |b https://core.palmknihy.cz/api/books/371057/cover/400?rrggbn  |c https://core.palmknihy.cz/api/books/371057/cover/50?rrggbn  |e   |g 216  |i 9788090873728  |j https://core.palmknihy.cz/api/books/371057/preview.epub  |k https://core.palmknihy.cz/api/books/371057/preview.pdf  |l   |q 49  |r 1  |s https://www.palmknihy.cz/kniha/371057  |t ebook  |y 2022  |z 0  |v Kniha Hodinky  |w 3 
999 |d 311868